| 000 | 01066cam a22003137a 4500 | ||
|---|---|---|---|
| 003 | CHAP | ||
| 005 | 20220329134447.0 | ||
| 008 | 971013s1975 r 00010 d | ||
| 010 | _a20758 | ||
| 011 | _a21730 | ||
| 035 | _a25821 | ||
| 040 | _cCHAP | ||
| 082 |
_a630.72 _bA72Y |
||
| 100 | 0 | 0 |
_aArndt, Thomas M. _97251 |
| 245 | 1 | 3 | _aLa asignación de recursos y productividad en la investigación agrícola nacional e internacional |
| 260 |
_aChapingo, Méx., : _bENA. Colegio de Postgraduados, _c1975 |
||
| 300 |
_a81 h. _b; gráfs |
||
| 590 |
_aBATCH-UPD _b10 _c20130110 _lUCH01 _h2016 |
||
| 590 |
_aBATCH-UPD _b10 _c20130410 _lUCH01 _h1335 |
||
| 590 |
_aBATCH-UPD _b10 _c20130914 _lUCH01 _h1654 |
||
| 590 |
_aBATCH-UPD _b10 _c20140805 _lUCH01 _h1144 |
||
| 590 |
_aCONVERSION _b10 _c20130109 _lUCH01 _h1312 |
||
| 650 | 1 | 4 |
_aAgricultura _xInvestigación. _91577 |
| 650 | 1 | 4 |
_aInvestigación _xFinanciamiento. _960233 |
| 700 | 0 |
_aRuttan, Vernon W. _9100996 |
|
| 901 | _aBK | ||
| 942 | _cLIBRO | ||
| 949 |
_a630.72 A72Y _bBC _cLIBRO _d33724000036687 _eLIBRO _h44252 _i25821 _mD _si |
||
| 999 |
_c20758 _d20758 |
||